02317nam a2200361 i 450000100060000000300080000600500170001400800390003102000350007002000320010502000180013702000150015503500210017004000590019104100080025008200220025810000350028024500850031526000460040030000560044649000560050250502260055852008270078465000230161165000320163465500300166683000150169677600340171183000620174594200120180799900170181995201190183637057BD-RjUL20211209052555.0141012s1991 nyua o 000 0 eng a9781461230069 (electronic bk.) a1461230063 (electronic bk.) z9781461277569 z1461277566 a(OCoLC)853268685 aAU@bengepncAU@dOCLCOdOCLCQdGW5XEdOCLCQdBD-RjUL aeng04a547223bALK 19911 aPelletier, S. William.911328910aAlkaloids: Chemical and Biological Perspectivescedited by S. William Pelletier. aNew York, NY :bSpringer New York,c1991. a1 online resource (xv, 591 pages 39 illustrations).1 aAlkaloids: Chemical and Biological Perspectives,v70 aHomoerythrina and Related Alkaloids -- Carbon-13 NMR Spectroscopy of Steroidal Alkaloids -- Carbon-13 and Proton NMR Shift Assignments and Physical Constants of Norditerpenoid Alkaloids -- Subject Index -- Organism Index. aThis monograph series provides unprecedented interdisciplinary coverage of research relating to the chemistry and biology of alkaloids - a class of biologically active compounds of more than 10,000 members. Timely, comprehensive and authoritative, the series features chapters on chemical properties and structure elucidation, synthesis, biosynthesis, taxonomy, spectroscopy, pharmacology, and toxicology. These vol- umes will provide valuable information for investigators working in such diverse fields as medical chemistry, natural products chemistry, pharmacology, pharmacognosy, physiology, biochemistry, phytochemistry, plant taxonomy, oncology, forensic science, and medicine. The chapters are written by eminent researchers, all of them acknowledged experts in the field. Subject and organism indexes are included. 0aChemistry.9113290 0aChemistry, Organic.9113291 4aElectronic books.9113298 0v7.911329908iPrint version:z9781461277569 0aAlkaloids: Chemical and Biological Perspectives ;9113300 2ddccBK c37057d37057 00102ddc4071aIBScbIBSccStackd2014-10-12g2728.00l0o547 ALK 1991r2014-10-12 00:00:00tC-1w2014-10-12yBK